Los amantes de Teruel; La jura de Santa Gadea
Gespeichert in:
| 1. Verfasser: | |
|---|---|
| Format: | Buch |
| Sprache: | Undetermined |
| Veröffentlicht: |
Madrid, España
Espasa-Calpe
1964
|
| Schlagworte: | |
| Tags: |
Tag hinzufügen
Keine Tags, Fügen Sie den ersten Tag hinzu!
|
MARC
| LEADER | 00000nam a2200000Ia 4500 | ||
|---|---|---|---|
| 008 | 170316s9999 xx 000 0 und d | ||
| 040 | |a cru BVZT | ||
| 090 | |a 862 H-1a | ||
| 100 | |a Hartzenbusch, Juan Eugenio | ||
| 245 | |a Los amantes de Teruel; La jura de Santa Gadea | ||
| 260 | |a Madrid, España | ||
| 260 | |b Espasa-Calpe | ||
| 260 | |c 1964 | ||
| 300 | |a 211 páginas | ||
| 650 | |a LITERATURA ESPAÑOLA | ||
| 999 | |c 9972 |d 9972 | ||
| 942 | |c 15 D |h 862 H-1a |2 z | ||
